Central Library OPAC University of Rajshahi
Normal view MARC view

Entry Personal Name

Number of records used in: 6

001 - CONTROL NUMBER

  • control field: 713

003 - CONTROL NUMBER IDENTIFIER

  • control field: BD-RjUL

005 - DATE AND TIME OF LATEST TRANSACTION

  • control field: 20220113095438.0

008 - FIXED-LENGTH DATA ELEMENTS

  • fixed length control field: 220113|| aca||aabn | a|a d

040 ## - CATALOGING SOURCE

  • Original cataloging agency: BD-RjUL
  • Transcribing agency: BD-RjUL

100 ## - HEADING--PERSONAL NAME

  • Personal name: Schuler, Edgar A. ... [et al.]

670 ## - SOURCE DATA FOUND

  • Source citation: Work cat.: (BD-RjUL)59800: Outside Readings in Sociology /, c1952.[Printing 1953]